Ambassadors to the United States - Statistics

General Stats
  • This quiz has been taken 3 times
  • The average score is 113 of 170
Answer Stats
Country Ambassador % Correct
Australia Kevin Rudd
100%
The Bahamas Wendall Kermith Jones
100%
Grenada Yolande Yvonne Smith
100%
Maldives Abdul Ghafoor Mohamed
67%
Bahrain Abdullah bin Rashid Al Khalifa
67%
Angola Agostinho de Carvalho dos Santos Van-Dúnem
67%
Greece Alexandra Papadopoulou
67%
Guatamala Alfonso José Quinonez Lemus
67%
Mozambique Alfredo Fabaio Nuvunga
67%
Ghana Alima Mahama
67%
Somalia Ali Sharif Ahmed
67%
Kuwait Al-Zain Sabah Al-Naser Al-Sabah
67%
Russia Anatoly Antonov
67%
Netherlands Andre Haspels
67%
Uruguay Andrés Augusto Durán Hareau
67%
Spain Ángeles Moreno Bau
67%
Norway Anniken Ramberg Krutnes
67%
Trinidad and Tobago Anthony Wayne Jerome Phillips Spencer
67%
Lithuania Audra Plepytė
67%
Jamaica Audrey Marks
67%
Kyrgyzstan Baktybek Amanbaev
67%
New Zealand Bede Gilbert Corry
67%
Iceland Bergdís Ellertsdóttir
67%
Mauritania Boide Cisse
67%
Costa Rica Catalina Crespo Sancho
67%
Zambia Chibamba Kanyama
67%
South Korea Cho Hyun-dong
67%
Holy See/Vatican Christophe Pierre
67%
San Marino Damiano Beleffi
67%
Romania Dan Andrei Muraru
67%
Georgia David Zalkaliani
67%
Jordan Dina Kawar
67%
Andorra Elisenda Vives Balmaña
67%
Saint Lucia Elizabeth Darius-Clarke
67%
Tanzania Elsie Sia Kanza
67%
Germany Emily Haber
67%
Albania Ervin Bushati
67%
Malawi Esme Jynet Chombo
67%
Cameroon Essomba Etoundi
67%
Mexico Esteban Moctezuma
67%
Tajikistan Farrukh Hamralizoda
67%
Guinea Fatoumata Kaba
67%
Portugal Francisco António Duarte Lopes
67%
Nicaragua Francisco Campbell
67%
Togo Frédéric Edem Hegbe
67%
Uzbekistan Furkat Sidikov
67%
Chad Gata Kitoko
67%
Bulgaria Georgi Panayotov
67%
Liechtenstein Georg Sparber
67%
Ireland Geraldine Byrne Nason
67%
Marshall Islands Gerald Zackios
67%
Malta Godfrey C. Xuereb
67%
Peru Gustavo Adolfo Meza Cuadra Velásquez
67%
Tunisia Hanene Tajouribessassi
67%
Turkey Hasan Murat Mercan
67%
Palau Hersey Kyota
67%
African Union Hilda Suka-Mafudze
67%
Seychelles Ian Dereck Joseph Madeleine
67%
Ivory Coast Ibrahima Touré
67%
Kosovo Ilir Dugolli
67%
Comoros Issimail Chanfi
67%
Ecuador Ivonne Leila Juez De A-Baki
67%
Switzerland Jacques Henri Pitteloud
67%
Solomon Islands Jane Mugafalu Kabui Waetara
67%
Suriname Jan Marten Willem Schalkwijk
67%
Honduras Javier Efrain Bu Soto
67%
Belgium Jean Arthur Regibeau
67%
Benin Jean-Claude Félix Do Rego
67%
Liberia Jeff Gongoer Dowana
67%
Denmark Jesper Møller Sørensen
67%
Argentina Jorge Argüello
67%
Paraguay José Antonio Dos Santos Bedoya
67%
Cape Verde José Luis do Livramento Monteiro Alves De Brito
67%
Philipines Jose Manuel Del Gallego Romualdez
67%
Chile Juan Gabriel Valdés
67%
Sweden Karin Olofsdotter
67%
Eswatini Kennedy Fitzgerald Groening
67%
Cambodia Keo Chhea
67%
Azerbaijan Khazar Ibrahim
67%
Canada Kirsten Hillman
67%
Estonia Kristjan Prikk
67%
Morocco Lalla Joumala Alaoui
67%
France Laurent Bili
67%
Kenya | Kiribati Lazarus Ombai Amayo
67%
Armenia Lilit Makunts
67%
United Kingdom Lord Mandelson
67%
Saint Vincent and the Grenadines Lou-Anne Gaylene Gilchrist
67%
Colombia Luis Gilberto Murillo
67%
Singapore Lui Tuck Yew
67%
Belize Lynn Raymond Young
67%
Monaco Maguy Maccario Doyle
67%
Sri Lanka Mahinda Samarasinghe
67%
Niger Mamadou Kiari Liman-Tinguiri
67%
Senegal Mansour Kane
67%
Poland Marek Grzegorz Magierowski
67%
Namibia Margareth Natalie Mensah-Williams
67%
Nauru Margo Deiye
67%
Brazil Maria Luiza Ribeiro Viotti
67%
Italy Mariangela Zappia
67%
Democratic Republic of the Congo Marie-Hélène Mathey-Boo
67%
Cyprus Marios Lysiotis
67%
Latvia Māris Selga
67%
Serbia Marko Đurić
67%
Central African Republic Martial Ndoubou
67%
Rwanda Mathilde Mukantabana
67%
Turkmenistan Meret Orazov
67%
Qatar Meshal bin Hamad Al Thani
67%
Equatorial Guinea Miguel Ntutumu Evuna Andeme
67%
Finland Mikko Tapani Hautala
67%
El Salvador Milena Mayorga
67%
Czech Republic Miloslav Stašek
67%
Sudan Mohamed Abdalla Idris Mohamed
67%
Malaysia Mohamed Nazri Bin Abdul Aziz
67%
Djibouti Mohamed Siad Douale
67%
Yemen Mohammed Abdullah Mohammed Al-Hadhrami
67%
The Gambia Momodou Lamin Bah
67%
Oman Moosa Hamdan Moosa Al Tai
67%
Egypt Motaz Mounir Zahran
67%
Iraq Nazar Issa Abdulhadi Al-Khirullah
67%
Vietnam Nguyen Quoc Dung
67%
Barbados Noel Anderson Lynch
67%
Gabon Noel Nelson Messone
67%
South Africa Nomaindiya Mfeketo
67%
Vanuatu Odo Tevi
67%
Ukraine Oksana Markarova
67%
Botswana Onkokame Kitso Mokaila
67%
Samoa Pa’olelei Luteru
67%
Austria Petra Schneebauer
67%
South Sudan Philip Jada Natana
67%
Croatia Pjer Šimunović
67%
Mauritius Purmanund Jhugroo
67%
Slovakia Radovan Javorčík
67%
Panama Ramón Eduardo Martínez De La Guardia
67%
Saudi Arabia Reema bint Bandar Al Saud
67%
Uganda Robinah Kakonge
67%
Antigua and Barbuda Ronald Sanders
67%
Indonesia Rosan Perkasa Roeslani
67%
Algeria Sabri Boukadoum
67%
Guyana Samuel Archibald Hinds
67%
Pakistan Sardar Masood Khan
67%
Mali Sékou Berthe
67%
Ethiopia Seleshi Bekele Awulachew
67%
Brunei Serbini Ali
67%
Republic of the Congo Serge Mombouli
67%
Japan Shigeo Yamada
67%
Sierra Leone Sidique Abou Bakarr Wai
67%
Laos Sisavath Inphachanh
67%
Dominican Republic Sonia Guzmán De Hernández
67%
Nepal Sridhar Khatri
67%
European Union Stavros Lambrinidis
67%
Bosnia and Herzegovina Sven Alkalaj
67%
Hungary Szabolcs Ferenc Takacs
67%
Zimbabwe Tadeous Tafirenyika Chifamba
67%
Thailand Tanee Sangrat
67%
Tuvalu Tapuago Falefou
67%
Lesotho Tumisang Mosotho
67%
Nigeria Uzoma Elizabeth Emenike
67%
Madagascar Vacant
67%
Tonga Viliana Va’inga Tonē
67%
India Vinay Mohan Kwatra
67%
Moldova Viorel Ursu
67%
China Xie Feng
67%
Israel Yechiel Leiter
67%
Kazakhstan Yerzhan Ashikbayev
67%
United Arab Emirates Yousef Al Otaiba
67%
North Macedonia Zoran Popov
67%
Bangladesh Asad Alam Siam
33%
Luxembourg Nicole Bintner
33%
Mongolia Batbayaru lziidelger
0%
No matching quizzes found
Score Distribution
Percent of People with Each Score
Percentile by Number Answered
Your Score History
You have not taken this quiz